MDQL
is popping MORE tags! Check the
thread
!
Quizzes
Events
Quiz Creation
Community
Videos
Private Events
Remove Ads
Sign In
Join for FREE
Feedback
Dark Mode
Quiz Categories
Sports
Geography
Music
Movies
Television
Just For Fun
Miscellaneous
History
Literature
Language
Science
Gaming
Entertainment
Religion
Holiday
For Kids
Quiz Lab
Recent
Popular Today
Quiz Kudos Today
Editor Picks
Curator Picks
Quizzes by...
Day
Popularity
Type
Ratings
Length
Year
Community
Subscriptions
Recent Discussions
Orange Saloon
Badges
Playlists
Quests
Create
Leaderboards
Showdown
Live 5
Trivia Bingo
Activity
Puzzle Library
Sporcle Events
Private Events
Virtual Trivia
Globe League
Become a Host
Pub Owners
SporcleCon
Opinionation
Our Games
Videos
Blog
Mobile Apps
Partnerships
Remove Ads and Go Orange
Feedback
History
US Presidents
World Leaders
Politics
Nation
Discovery
War
Decade
Year
Century
Biography
Art
History
US Presidents
World Leaders
Politics
Nation
Discovery
War
Decade
Year
Century
Biography
Art
Random Quiz
Search Sporcle
×
Quiz Lab
Quiz Lab
History
Politics
Type in answers that appear in a list
Type in answers that appear in a list
Classic
Best Score? Go Orange.
Danish ministers (Løkkes regering 2015) Stats
Can you name the Danish ministers of the 2015 Lars Løkke Rasmussens government
By
DonPlatin
4m
17 Questions
35 Plays
35 Plays
35 Plays
Comments
Comments
Give Quiz Kudos
Give Quiz Kudos
-
- Ratings
hide this ad
Forced Order
Answers have to be entered in order
Answers have to be entered in order
Replay
Link that replays current quiz
Next Quiz
Link to next quiz in quiz playlist
You Got
0%
They Got
Avg Score
49%
Avg Friend Score
Upgrade to see
Score Distribution
Jump to the score distribution portion of the page
Score
0/17
Timer
04:00
0
Plays Today
Portfolio
Name of Minister
% Correct
Prime minister /
Statsminister
Lars Løkke Rasmussen
91.4%
Minister of Finance /
Finansminister
Claus Hjort Frederiksen
77.1%
Minister or Foreign Affairs /
Udenrigsminister
Kristian Jensen
74.3%
Minister for Immigration, Intregation and Housing /
Udlændige-
, integrations-
og boligminister
Inger Støjberg
68.6%
Minister for Culture and Minister for Ecclesiastical Affairs /
Kulturminister og Kirkeminister
Bertel Haarder
60%
Minister of Justice /
Justitsminister
Søren Pind
54.3%
Minister for Business and Growth /
Erhvervs-
og vækstminister
Troels Lund Poulsen
42.9%
Minister for Taxation /
Skatteminister
Karsten Lauritzen
42.9%
Minister for Transport and Buildings /
Transport-
og bygningsminister
Hans Christian Schmidt
40%
Portfolio
Name of Minister
% Correct
Minister for Children, Education and Gender Equality /
Minister for børn, undervisning og ligestilling
Ellen Trane Nørby
40%
Minister of Defence and Minister for Nordic Cooperation /
Forsvarsminister og minister for nordisk samarbejde
Peter Christensen
40%
Minister for Social Affairs and the Interior /
Social-
og indenrigsminister
Karen Ellemann
37.1%
Minister for Engery, Utilities and Climate /
Energi-
, forsynings-
og klimaminister
Lars Christian Lilleholt
37.1%
Minister for Health /
Sundheds-
and ældreminister
Sophie Løhde
37.1%
Minister for Environment and Food /
Miljø-
og fødevareminister
Eva Kjer Hansen
34.3%
Minister for Higher Education and Science/
Uddannelses-
og forskningsminister
Esben Lunde Larsen
34.3%
Minister for Employment /
Beskæftigelsesminister
Jørn Neergaard Larsen
28.6%
Quiz Playlist
Details
Report
Send in Message
Add To Playlist
Classic:
Type in answers that appear in a list
Forced Order:
Answers have to be entered in order
Last Updated: Feb 16, 2017
Quiz Scoreboard
CHALLENGE
Sign Up to Join the Scoreboard
Show All
Scores
Hide
Comments
May contain spoilers
Recently Published
1-10 Letter E Words III
by El_Dandy
Language
2m
Street Fighter Characters
by Artimus82
Gaming
60s
College Basketball Coaching Resumes
by pancakes188
Sports
9m
More to Explore
Quiz From the Vault
Featured Blog Post
Where Did the Easter Bunny Come From?
hide this ad
You Might Also Like...
Tags
Politics Quiz
Denmark
Europe Politics
Goverment
Political Science
Politician
Today's Top Quizzes in History
Browse History
hide this ad
Today's Top Quizzes in Politics
Browse Politics
Top Contributed Quizzes in History
1
Popular People in 1991
2
Popular People in 1981
3
Popular People in 1951
4
Popular People in 1941
5
Popular People in 1986
6
Popular People in 1976
7
Popular People in 1921
8
5-to-1: 20th Century Images of War
9
I Am Born On March 28th
10
Popular People in 1946
Explore More
Trending Topics
NBA
Marvel
Kpop
Crossword
Disney
Harry Potter
Anime
WWE
Country
Puzzle
Song
NFL
Soccer
Pokémon
The Office
hide this ad
More By:
DonPlatin
Quiz
Plays
Rating
Category
Featured
Created
Danish ministers (Løkkes regering 2015)
35
History
Nov 26, 2015
Go to Creator's Profile
Score Distribution
Quiz Creator Spotlight
DonPlatin
Follow
Send a Message
Quizzes Created
-
Created Quiz Play Count
-
More By This Creator
Popular Quizzes Today
1
Find the US States - No Outlines Minefield
2
Find the Countries of Europe - No Outlines Minefield
3
The Countries of the World
4
Find the US States
5
Risky Map Clicking: Biggest States A-Z
6
US States
7
Popular People in 1961
8
Movies - When Are They Set?
More History Quizzes
The Past Five Monarchs
Published
Trending Quizzes
Risky Map Clicking: Least Populous States A-Z
1-10 Letter G Words
1-10 Letter F Words
Countries of the World: 200 Million BC
Risky Map Clicking: Next State Alphabetically
Recently Updated
Beyoncé Albums
pecheneg
Leaping Animals
pecheneg
Reality TV Shows (A-Z)
bhenderson79
Rickey Henderson's Hall of Fame Teammates
pecheneg
Champions League XIs: Arsenal
pecheneg
Quick Pick: Celebrities in WWE's Hall of Fame
aduchscher
A-Z Keypad Blitz II
pecheneg
Multiple Oscar Actors
pecheneg
Mystery Phrase Blitz: Oscar 'Best Actors'
pecheneg
F. Scott Fitzgerald Novels
LTH
Trending Topics
Marvel
Kpop
Harry Potter
Disney
Anime
NBA
Crossword
Pokémon
The Office
Song
Puzzle
Soccer
Country
NFL
WWE
Your Account Isn't Verified!
In order to create a playlist on Sporcle, you need to verify the email address you used during registration. Go to your
Sporcle Settings
to finish the process.
Report this User
Report this user for behavior that violates our
Community Guidelines
.
Details:
Send Report
Go to the Sporcle.com Mobile Site →
Comments